Statistics for Largest European Cities by Letter - O

Click here to take the quiz!

General Stats

  • This quiz has been taken 77 times
  • The average score is 5 of 13

Answer Stats

Rank Population Country Hint City % Correct
3505'000NorwayCapitalOslo
100%
11'002'000UkraineOpera and Ballet TheaterOdessa
89%
10183'000DenmarkHans Christian AndersenOdense
55%
5322'000Czech RepublicCoalOstrava
48%
9198'000SpainCapital of AsturiasOviedo
35%
12164'000GermanyErich Maria RemarqueOsnabrück
29%
13154'000GermanySt. Lamberti ChurchOldenburg
29%
2523'000RussiaRiver UralOrenburg
21%
7222'000GermanyGasometerOberhausen
21%
8222'000RomaniaEpiscopal PalaceOradea
21%
4342'000RussiaCatherine's CathedralOrel
19%
6274'000RussiaDrama TheaterOrsk
15%
11171'000PolandLake UkielOlsztyn
15%

Score Distribution

Percentile by Number Answered

Percent of People with Each Score

Your Score History

You have not taken this quiz